00390nam a2200121Ia 4500001000800000005001700008008004100025020001800066245005500084260001900139999002100158952008900179127237820260417151427.0260417s9999 xx 000 0 und d a9786258486841 0aKulübünüze Üye Olabilir Miyim?cJohn Kelly bKetebe Çocuk c1272378d1272378 00104070a1109b1109d2026-04-17l0p11092326r2026-04-17 15:14:27w2026-04-17yBK